[Event "17. Open de Gros 2007"]
[Site "San Sebastián ESP"]
[Date "2007.09.29"]
[Round "9.2"]
[White "Mirzoev, Azer"]
[Black "Khamrakulov, Dzhurabek"]
[Result "1/2-1/2"]
[WhiteElo "2551"]
[BlackElo "2322"]
[PlyCount "31"]
[EventDate "2007.09.21"]
[EventType "swiss"]
[EventRounds "9"]
[EventCountry "ESP"]
[Source "lmi"]
[SourceDate "2007.09.21"]

1. Nf3 Nf6 2. g3 g6 3. Bg2 Bg7 4. O-O O-O 5. d3 d6 6. a4 a5 7. Na3 e5 8. e4 h6
9. c3 Be6 10. Re1 c6 11. h3 Qc7 12. Be3 Na6 13. Nd2 d5 14. Qc2 Rad8 15. Nb3 b6
16. Nc1 1/2-1/2

[Event "17. Open de Gros 2007"]
[Site "San Sebastián ESP"]
[Date "2007.09.29"]
[Round "9.3"]
[White "Kovalyov, Anton"]
[Black "Salterain Gonzalez, Galder"]
[Result "1-0"]
[WhiteElo "2510"]
[BlackElo "1986"]
[PlyCount "59"]
[EventDate "2007.09.21"]
[EventType "swiss"]
[EventRounds "9"]
[EventCountry "ESP"]
[Source "lmi"]
[SourceDate "2007.09.21"]

1. c4 e5 2. Nc3 Bb4 3. Qb3 Bxc3 4. Qxc3 Nc6 5. Nf3 d6 6. d3 Nf6 7. e3 O-O 8.
Be2 Bf5 9. e4 Bg6 10. h3 h6 11. Be3 Qd7 12. Nd2 a5 13. b3 Ne7 14. O-O Nh5 15.
d4 Nf4 16. Bxf4 exf4 17. Bf3 c6 18. Rad1 Bh7 19. Rfe1 f5 20. e5 dxe5 21. dxe5
Qc7 22. c5 Rad8 23. Nc4 Nd5 24. Bxd5+ Rxd5 25. Rxd5 cxd5 26. Nd6 f3 27. e6 Qe7
28. Qxf3 Rf6 29. Qxd5 Kh8 30. Qxb7 1-0

[Event "17. Open de Gros 2007"]
[Site "San Sebastián ESP"]
[Date "2007.09.29"]
[Round "9.4"]
[White "Andres Gonzalez, Alberto"]
[Black "Andres Gonzalez, Ivan"]
[Result "1/2-1/2"]
[WhiteElo "2435"]
[BlackElo "2392"]
[PlyCount "23"]
[EventDate "2007.09.21"]
[EventType "swiss"]
[EventRounds "9"]
[EventCountry "ESP"]
[Source "lmi"]
[SourceDate "2007.09.21"]

1. c4 Nf6 2. Nc3 c6 3. d4 d5 4. e3 g6 5. Nf3 Bg7 6. Bd2 O-O 7. Qb3 dxc4 8. Bxc4
b5 9. Be2 a6 10. a4 Be6 11. Qa3 Nbd7 12. O-O 1/2-1/2

[Event "17. Open de Gros 2007"]
[Site "San Sebastián ESP"]
[Date "2007.09.29"]
[Round "9.5"]
[White "Sanz Perez, Eduardo"]
[Black "Zulaika Centeno, Ander"]
[Result "1-0"]
[WhiteElo "2156"]
[BlackElo "2075"]
[PlyCount "109"]
[EventDate "2007.09.21"]
[EventType "swiss"]
[EventRounds "9"]
[EventCountry "ESP"]
[Source "lmi"]
[SourceDate "2007.09.21"]

1. f4 d5 2. e3 Nf6 3. Nf3 Bf5 4. b3 h6 5. Bb2 e6 6. Be2 Be7 7. O-O O-O 8. Ne5
Nbd7 9. d3 c6 10. Qe1 Nxe5 11. fxe5 Nd7 12. Nd2 f6 13. e4 dxe4 14. dxe4 Bh7 15.
exf6 Bxf6 16. Bxf6 Rxf6 17. Qg3 Nc5 18. Qe3 Qe7 19. Rxf6 Qxf6 20. e5 Qe7 21. c3
Rd8 22. Nc4 Ne4 23. Rf1 Qc5 24. Qxc5 Nxc5 25. Nd6 Rf8 26. Bg4 Rxf1+ 27. Kxf1
Kf8 28. b4 Nd3 29. Bxe6 Nxe5 30. Nxb7 Ke7 31. Bb3 Bd3+ 32. Kf2 Ng4+ 33. Kg3 Nf6
34. Nc5 Ne4+ 35. Nxe4 Bxe4 36. Bd1 Kd6 37. Bf3 Bd3 38. Kf4 Bc4 39. a3 Bd5 40.
Bxd5 Kxd5 41. Kf5 Kc4 42. Kg6 Kxc3 43. g4 Kb3 44. Kxg7 Kxa3 45. Kxh6 Kxb4 46.
g5 c5 47. g6 c4 48. g7 c3 49. g8=Q c2 50. Qg5 Kc3 51. Qc1 a5 52. Kg6 a4 53.
Qa3+ Kd2 54. Qxa4 c1=Q 55. Qf4+ 1-0

[Event "17. Open de Gros 2007"]
[Site "San Sebastián ESP"]
[Date "2007.09.29"]
[Round "9.6"]
[White "Argandona Rivero, Inigo"]
[Black "Tung, Kai Ming"]
[Result "1-0"]
[WhiteElo "2390"]
[BlackElo "2083"]
[PlyCount "117"]
[EventDate "2007.09.21"]
[EventType "swiss"]
[EventRounds "9"]
[EventCountry "ESP"]
[Source "lmi"]
[SourceDate "2007.09.21"]

1. d4 e6 2. Nf3 b6 3. e4 d5 4. e5 a5 5. Nbd2 Ba6 6. c4 dxc4 7. Nxc4 Bb4+ 8. Bd2
Ne7 9. Bd3 Nbc6 10. O-O Bxd2 11. Qxd2 Nb4 12. Be2 O-O 13. Rfc1 Qd7 14. a3 Nbd5
15. Bd3 h6 16. Rd1 Rfd8 17. Rac1 Ng6 18. Be4 Ra7 19. Bxd5 Qxd5 20. Ne3 Qe4 21.
Qc2 Qa8 22. d5 Nf4 23. dxe6 fxe6 24. Rxd8+ Qxd8 25. Rd1 Qe8 26. Qe4 Ne2+ 27.
Kh1 c5 28. Nc4 Bxc4 29. Qxc4 Nd4 30. Nxd4 Rd7 31. Rd2 Rxd4 32. Rxd4 cxd4 33.
Qxd4 Qb5 34. h3 Qb3 35. Kh2 Kf7 36. h4 b5 37. f3 b4 38. Qa7+ Kg6 39. Qxa5 Qxb2
40. Qxb4 Qxe5+ 41. Kh3 Kf7 42. a4 g5 43. hxg5 hxg5 44. Qe4 Qa1 45. Kg4 Kf6 46.
g3 Qc3 47. Kh5 Ke7 48. Kxg5 Qg7+ 49. Kf4 Qa1 50. Qb4+ Ke8 51. Ke4 Kf7 52. a5
Kg6 53. Qc5 Kf7 54. f4 Qb1+ 55. Kd4 Qg1+ 56. Kc4 Qxg3 57. Qh5+ Kf8 58. Qe5 Qf2
59. Qc5+ 1-0

[Event "17. Open de Gros 2007"]
[Site "San Sebastián ESP"]
[Date "2007.09.29"]
[Round "9.7"]
[White "Salcedo, Marc"]
[Black "Rodriguez Gonzalez, Javier"]
[Result "0-1"]
[WhiteElo "2008"]
[BlackElo "2261"]
[PlyCount "58"]
[EventDate "2007.09.21"]
[EventType "swiss"]
[EventRounds "9"]
[EventCountry "ESP"]
[Source "lmi"]
[SourceDate "2007.09.21"]

1. e4 e6 2. d4 d5 3. e5 c5 4. c3 Qb6 5. Nf3 Bd7 6. Be2 Bb5 7. c4 Bxc4 8. Bxc4
Qb4+ 9. Nbd2 dxc4 10. a3 Qb5 11. O-O Nc6 12. dxc5 Bxc5 13. Qc2 Nge7 14. Nxc4
O-O 15. Nd6 Bxd6 16. exd6 Nd5 17. Ng5 Nf6 18. Rd1 h6 19. Ne4 Nd5 20. Bxh6 f5
21. Nc5 gxh6 22. Nxe6 Rf6 23. Nc7 Nxc7 24. dxc7 Rf7 25. Rd6 Rc8 26. Rxh6 Rcxc7
27. Qc3 Qe5 28. Qh3 Rce7 29. g3 Rh7 0-1

[Event "17. Open de Gros 2007"]
[Site "San Sebastián ESP"]
[Date "2007.09.29"]
[Round "9.8"]
[White "Lakunza, Juan Carlos"]
[Black "Darrigues, Alain"]
[Result "1-0"]
[WhiteElo "2128"]
[BlackElo "1991"]
[PlyCount "57"]
[EventDate "2007.09.21"]
[EventType "swiss"]
[EventRounds "9"]
[EventCountry "ESP"]
[Source "lmi"]
[SourceDate "2007.09.21"]

1. d4 Nf6 2. Nf3 g6 3. c4 c5 4. Nc3 Bg7 5. g3 O-O 6. Bg2 Nc6 7. O-O cxd4 8.
Nxd4 Nxd4 9. Qxd4 d6 10. Qd2 Be6 11. b3 Rb8 12. Bb2 Qa5 13. Rfd1 Rfc8 14. e4
Qd8 15. e5 dxe5 16. Qe3 Qa5 17. Nb5 Bxc4 18. bxc4 Rxc4 19. Qxa7 Qxa7 20. Nxa7
Ng4 21. Rd2 Bh6 22. Re2 Rc5 23. a4 f5 24. h3 Nf6 25. Bxe5 Rd8 26. Bxb7 Ne4 27.
Bxe4 Rxe5 28. Nc6 fxe4 29. Nxe5 1-0

[Event "17. Open de Gros 2007"]
[Site "San Sebastián ESP"]
[Date "2007.09.29"]
[Round "9.9"]
[White "Tholey, Jean-Paul"]
[Black "Olmo Vega, Diego"]
[Result "0-1"]
[WhiteElo "2004"]
[BlackElo "1891"]
[PlyCount "102"]
[EventDate "2007.09.21"]
[EventType "swiss"]
[EventRounds "9"]
[EventCountry "ESP"]
[Source "lmi"]
[SourceDate "2007.09.21"]

1. d4 Nf6 2. c4 g6 3. Nc3 Bg7 4. e4 d6 5. f3 O-O 6. Bg5 Nbd7 7. Qd2 c5 8. Nge2
a6 9. g4 Qa5 10. Bh6 b5 11. Bxg7 Kxg7 12. cxb5 axb5 13. Kf2 b4 14. Nd1 Nb6 15.
Ng3 Bb7 16. Ne3 Qa4 17. Be2 Rfc8 18. b3 Qa7 19. dxc5 dxc5 20. g5 Nfd7 21. Qb2+
f6 22. Bc4 Ne5 23. gxf6+ exf6 24. Rhd1 Rd8 25. Qc2 Nbxc4 26. bxc4 Qa3 27. Qb3
Qa5 28. Ne2 Qc7 29. Nd5 Bxd5 30. exd5 Ra3 31. Qc2 Rxf3+ 32. Kg2 Qd7 33. Ng3 Qg4
34. Re1 Rc3 35. Qe4 Qg5 36. Rad1 Rxc4 37. Qe3 Rc2+ 38. Kh1 Qxe3 39. Rxe3 Rxa2
40. Ne4 Rxh2+ 41. Kg1 Rh5 42. Nxc5 Kf7 43. Ne6 Rc8 44. Nf4 Rg5+ 45. Kh1 Rc3 46.
Re2 Rg4 47. Ng2 Nf3 48. Ne3 Re4 49. d6 Rexe3 50. Rxe3 Rxe3 51. d7 Re2 0-1

[Event "17. Open de Gros 2007"]
[Site "San Sebastián ESP"]
[Date "2007.09.29"]
[Round "9.10"]
[White "Galarza Cenzano, Inigo"]
[Black "Juez Villar, Erik"]
[Result "1-0"]
[WhiteElo "1991"]
[BlackElo "1806"]
[PlyCount "51"]
[EventDate "2007.09.21"]
[EventType "swiss"]
[EventRounds "9"]
[EventCountry "ESP"]
[Source "lmi"]
[SourceDate "2007.09.21"]

1. e4 c6 2. d4 d5 3. exd5 cxd5 4. Nf3 Bg4 5. Bd3 Nc6 6. c3 e6 7. Bf4 Nf6 8. O-O
Bd6 9. Bxd6 Qxd6 10. Nbd2 O-O 11. Re1 Rab8 12. Qe2 Rfc8 13. Nb3 Bxf3 14. Qxf3
b5 15. Re3 b4 16. g4 bxc3 17. bxc3 Ne4 18. Bxe4 dxe4 19. Qxe4 Rb5 20. Rh3 h6
21. f4 Ne7 22. Rf1 Nd5 23. Rff3 Qa3 24. Qe2 Rxb3 25. axb3 Nxc3 26. Qc2 1-0

[Event "17. Open de Gros 2007"]
[Site "San Sebastián ESP"]
[Date "2007.09.29"]
[Round "9.12"]
[White "Zubia Aramburu, Mikel"]
[Black "Espin Laborde, Jesus M"]
[Result "1-0"]
[WhiteElo "1923"]
[BlackElo "1790"]
[PlyCount "71"]
[EventDate "2007.09.21"]
[EventType "swiss"]
[EventRounds "9"]
[EventCountry "ESP"]
[Source "lmi"]
[SourceDate "2007.09.21"]

1. c4 Nf6 2. Nc3 g6 3. g3 d5 4. cxd5 Nxd5 5. Bg2 e6 6. e4 Nxc3 7. bxc3 Bg7 8.
d4 O-O 9. Ne2 c5 10. O-O cxd4 11. cxd4 Bd7 12. Rb1 Nc6 13. Rxb7 Na5 14. Rb1 Rb8
15. Ba3 Rxb1 16. Qxb1 Re8 17. Rc1 a6 18. Bc5 Nc6 19. Qd3 Nb8 20. Qa3 Bb5 21.
Nc3 Bxd4 22. Nxb5 axb5 23. Bf1 Qf6 24. Bxd4 Qxd4 25. Bxb5 Rd8 26. Qf3 Qb6 27.
a4 e5 28. Qc3 Qd6 29. Qc5 Qd2 30. Rf1 f6 31. Bc4+ Kg7 32. Qe7+ Kh6 33. Bd5 Rxd5
34. exd5 Qxd5 35. Qf8+ Kg5 36. Qxb8 1-0

[Event "17. Open de Gros 2007"]
[Site "San Sebastián ESP"]
[Date "2007.09.29"]
[Round "9.16"]
[White "Garro Beraza, Haritz"]
[Black "Diez Viera, Oscar"]
[Result "1/2-1/2"]
[WhiteElo "1950"]
[BlackElo "1799"]
[PlyCount "56"]
[EventDate "2007.09.21"]
[EventType "swiss"]
[EventRounds "9"]
[EventCountry "ESP"]
[Source "lmi"]
[SourceDate "2007.09.21"]

1. e4 c5 2. Nf3 d6 3. d3 Nc6 4. Nbd2 Nf6 5. g3 e5 6. Bg2 Be7 7. O-O O-O 8. c3
b5 9. a3 Qc7 10. b4 a5 11. bxc5 dxc5 12. Bb2 Bb7 13. d4 exd4 14. cxd4 cxd4 15.
Re1 Rfd8 16. Qb3 b4 17. axb4 Bxb4 18. Red1 Qe7 19. e5 Ne8 20. Nc4 d3 21. Rxd3
Rxd3 22. Qxd3 Rd8 23. Qf5 g6 24. Qf4 Ng7 25. Ne3 Ne6 26. Qh6 Qf8 27. Qh4 Qe7
28. Qh6 Qf8 1/2-1/2